000 01560nam a22002657a 4500
999 _c57268
_d57268
003 Ge_BSU
005 20200130151259.0
008 200130s2017 ||||| |||| 00| 0 geo d
020 _a9789941260308
041 _ageo
080 _a629..065.25(075.8) ს-31
245 _aსატაკელაჟო მოწყობილობები, ტვირთამწე მანქანები, კონვეიერები :
_b (დამხმ. სახელმძღვანელო) /
_cვლადიმერ ჩხაიძე ; ციური ყურშუბაძე ; მაყვალა ბექირიშვილი ; გიორგი წულაძე ; რედ. გელა ყიფიანი.
264 _aთბილისი :
_bუნივერსალი,
_c2017.
300 _a102 გვ. :
_bნახ. ;
_c29 სმ.
500 _aკანზე ბათუმი
504 _aბიბლიოგრ.: გვ. 100
653 _aსატაკელაჟო მანქანები
653 _aსატრანსპორტო საშუალებათა ტექნიკა
700 _aჩხაიძე, ვლადიმერ
_96525
700 _aყურშუბაძე, ციური
_96526
700 _aბექირიშვილი, მაყვალა
_96527
700 _aწულაძე, გიორგი
_94394
700 _aყიფიანი, გელა
_eრედაქტორი
_96528
942 _2udc
_cBK